<?xml version="1.0" encoding="UTF-8"?>
<record
    xmlns:xsi="http://www.w3.org/2001/XMLSchema-instance"
    xsi:schemaLocation="http://www.loc.gov/MARC21/slim http://www.loc.gov/standards/marcxml/schema/MARC21slim.xsd"
    xmlns="http://www.loc.gov/MARC21/slim">

  <leader>00862cam a2200241 a 4500</leader>
  <controlfield tag="001">114454</controlfield>
  <controlfield tag="003">DR-UNIBE</controlfield>
  <controlfield tag="005">20260323114755.0</controlfield>
  <controlfield tag="008">110426s2010    ve            001 0 spa  </controlfield>
  <datafield tag="020" ind1=" " ind2=" ">
    <subfield code="a">9789806571532</subfield>
  </datafield>
  <datafield tag="040" ind1=" " ind2=" ">
    <subfield code="a">DLC</subfield>
    <subfield code="c">DLC</subfield>
    <subfield code="d">DLC</subfield>
    <subfield code="d">BIBLIOTECA UNIBE</subfield>
    <subfield code="b">spa</subfield>
    <subfield code="e">rda</subfield>
  </datafield>
  <datafield tag="041" ind1=" " ind2=" ">
    <subfield code="a">spa</subfield>
  </datafield>
  <datafield tag="082" ind1=" " ind2=" ">
    <subfield code="a">342.02 C758n</subfield>
  </datafield>
  <datafield tag="245" ind1="0" ind2="0">
    <subfield code="a">Constituci&#xF3;n nacional :</subfield>
    <subfield code="b">titulada y concordada con la legislaci&#xF3;n nacional e internacional</subfield>
  </datafield>
  <datafield tag="260" ind1=" " ind2=" ">
    <subfield code="a">Caracas :</subfield>
    <subfield code="b">Alvaro Nora Librer&#xED;a Jur&#xED;dica ;</subfield>
    <subfield code="a">M&#xE9;rida :</subfield>
    <subfield code="b">Chamaes,</subfield>
    <subfield code="c">2010</subfield>
  </datafield>
  <datafield tag="300" ind1=" " ind2=" ">
    <subfield code="a">499 p&#xE1;ginas</subfield>
  </datafield>
  <datafield tag="610" ind1="1" ind2="0">
    <subfield code="a">Venezuela.</subfield>
    <subfield code="t">Constituci&#xF3;n (1999)</subfield>
    <subfield code="9">203251</subfield>
  </datafield>
  <datafield tag="650" ind1=" " ind2="7">
    <subfield code="a">Derecho constitucional</subfield>
    <subfield code="z">Venezuela</subfield>
    <subfield code="2">lemb</subfield>
    <subfield code="9">203613</subfield>
  </datafield>
  <datafield tag="650" ind1=" " ind2="7">
    <subfield code="a">Constituciones</subfield>
    <subfield code="z">Venezuela</subfield>
    <subfield code="2">lemb</subfield>
    <subfield code="9">203614</subfield>
  </datafield>
  <datafield tag="700" ind1=" " ind2=" ">
    <subfield code="a">Balza Arismendi, Luis Miguel.</subfield>
    <subfield code="e">editor</subfield>
    <subfield code="9">203250</subfield>
  </datafield>
  <datafield tag="710" ind1="1" ind2="2">
    <subfield code="a">Venezuela.</subfield>
    <subfield code="t">Constituci&#xF3;n (1999)</subfield>
    <subfield code="9">203251</subfield>
  </datafield>
  <datafield tag="942" ind1=" " ind2=" ">
    <subfield code="2">ddc</subfield>
    <subfield code="c">BK</subfield>
  </datafield>
  <datafield tag="999" ind1=" " ind2=" ">
    <subfield code="c">114454</subfield>
    <subfield code="d">114454</subfield>
  </datafield>
  <datafield tag="952" ind1=" " ind2=" ">
    <subfield code="0">0</subfield>
    <subfield code="1">0</subfield>
    <subfield code="2">ddc</subfield>
    <subfield code="7">0</subfield>
    <subfield code="8">GEN</subfield>
    <subfield code="a">Principal</subfield>
    <subfield code="d">2026-01-01</subfield>
    <subfield code="l">0</subfield>
    <subfield code="o">342.02 C758n</subfield>
    <subfield code="p">260146</subfield>
    <subfield code="r">2026-03-23 11:49:12</subfield>
    <subfield code="t">Ej. 1</subfield>
    <subfield code="w">2026-03-23</subfield>
    <subfield code="y">BK</subfield>
  </datafield>
</record>
